Countries That Contain "AR" - Statistics

General Stats
  • This quiz has been taken 313 times
    241 since last reset
  • The average score is 9 of 17
Answer Stats
Country % Correct
Argentina
92%
Armenia
87%
Paraguay
68%
Barbados
65%
Qatar
58%
Saudi Arabia
54%
Madagascar
53%
Antigua and Barbuda
50%
Myanmar
49%
United Arab Emirates
47%
Nicaragua
43%
Denmark
38%
Marshall Islands
37%
Belarus
35%
Bulgaria
32%
San Marino
32%
Hungary
28%
No matching quizzes found
Score Distribution
Percent of People with Each Score
Percentile by Number Answered
Your Score History
You have not taken this quiz since the last reset